Online
Catalog
Normal view MARC view

Entry Nombre personal

Number of records used in: 5

001 - NÚMERO DE CONTROL

  • campo de control: 35840

003 - IDENTIFICADOR DEL NÚMERO DE CONTROL

  • campo de control: BNPHU

005 - FECHA Y HORA DE LA ÚLTIMA TRANSACCIÓN

  • campo de control: 20240304143446.0

008 - DATOS DE LONGITUD FIJA

  • campo de control de longitud fija: 200615|| aca||aabn | a|a d

040 ## - FUENTE DE LA CATALOGACIÓN

  • Centro catalogador/agencia de origen: DO-SdBNP
  • Lengua de catalogación: spa
  • Centro/agencia transcriptor: BNPHU
  • Normas de descripción: spa

100 1# - ENCABEZAMIENTO-NOMBRE DE PERSONA

  • Nombre de persona: Cocco, Miguel,
  • Fechas asociadas al nombre: 1946-2009

370 ## - LUGAR ASOCIADO

  • Lugar de nacimiento: República Dominicana

378 ## - FORMA COMPLETA/DESARROLLADA DEL NOMBRE

  • Forma completa/desarrollada del nombre: Miguel Salvador Cocco Guerrero

400 1# - TRAZADO DE VÉASE--NOMBRE DE PERSONA

  • Nombre de persona: Cocco Guerrero, Miguel Salvador, |
  • Fechas asociadas al nombre: 1946-2009

400 1# - TRAZADO DE VÉASE--NOMBRE DE PERSONA

  • Nombre de persona: Guerrero, Miguel Salvado Cocco
  • Fechas asociadas al nombre: 1946-2009

670 ## - FUENTE DE DATOS ENCONTRADOS

  • Cita de la fuente: Work cat.: (OSt)15492: Tendencias de la economía cafetalera dominicana 1955-1972 /, 1975.

670 ## - FUENTE DE DATOS ENCONTRADOS

  • Cita de la fuente: Testimonios sobre Miguel Cocco, 2015

Powered by Koha